Čislovyje sistemy

Salvato in:
Dettagli Bibliografici
Autore principale: Molin, Fedor Eduardovič (Autore)
Natura: Libro
Lingua:russo
Pubblicazione: Novosibirsk : Nauka, 1985
Tags: Aggiungi Tag
Nessun Tag, puoi essere il primo ad aggiungerne!!

MARC

LEADER 00000nam a22000003a 4500
001 stu86355
005 20150617225631.0
008 040427s1985------------------------rus-d
040 |a STU  |b slo 
041 0 |a rus 
080 |a 512  |7 stu_us_auth*stu7982 
100 1 |a Molin, Fedor Eduardovič  |4 aut 
245 1 |a Čislovyje sistemy 
260 |a Novosibirsk :  |b Nauka,  |c 1985 
300 |a 122 s 
996 |b E59524  |c E*59524  |l EE03  |s P  |a 0  |w stu86355_0001